[Event "Kragero Resort International 2022"]
[Site "Kragero"]
[Date "2022.02.24"]
[Round "4.8"]
[White "Kjartansson, Gudmundur"]
[Black "Rozum, Ivan"]
[Result "1/2-1/2"]
[WhiteElo "2450"]
[BlackElo "2537"]
[Annotator "TA"]
[PlyCount "93"]
[EventDate "2022.02.23"]
[EventType "swiss"]
[EventCountry "NOR"]
[SourceTitle "playchess.com"]
[Source "ChessBase"]
[SourceQuality "1"]

{[%evp 23,93,25,16,13,27,8,9,-8,2,0,0,0,0,0,0,0,0,0,0,0,0,0,0,0,0,-11,-9,-30,-31,-28,-22,-35,-37,-39,-35,-35,0,-8,0,-15,0,0,0,-8,0,0,0,0,0,0,0,0,0,0,0,0,0,0,0,0,0,0,0,0,0,0,0,0,0,0,8,8]} 1. d4 Nf6 2. Nf3 e6 3. g3 d5 {[%cal Bd7d5,Bd5c4][%mdl 32]} 4. Bg2 c5 5. c4 dxc4 6. O-O Nc6 7. dxc5 Qxd1 8. Rxd1 Bxc5 9. Nbd2 c3 10. bxc3 O-O 11. Nb3 Be7 12. c4 Bd7 13. Bb2 {E04: Open Catalan: 5 Nf3.} Rfc8 {[#]} 14. Rab1 $146 {Hoping for Bxf6.} ({Predecessor:} 14. c5 Be8 15. Nfd2 b6 16. cxb6 axb6 17. Nc4 Rab8 18. Nd6 Bxd6 19. Rxd6 Na5 20. Nxa5 bxa5 {1-0 (63) Predke,A (2666)-Tari,A (2646) Riga 2021}) 14... Be8 15. Ne1 Rab8 16. Nd3 Nd7 17. c5 b6 18. cxb6 axb6 19. Rbc1 Nc5 20. Nbxc5 bxc5 21. Rd2 Rd8 22. Bxc6 Bxc6 23. Ba3 $1 Bf8 {[%cal Oc5c4] aiming for ...c4! This bishop pair is nice.} 24. f3 Rbc8 25. Bxc5 {[#]} Bxf3 $1 26. exf3 {[#] Bb4 is the strong threat.} Rxc5 27. Rxc5 (27. Nxc5 Rxd2) 27... Bxc5+ $11 {[%mdl 4160] Endgame Pin. KRB-KRN} 28. Kf1 {[#]} Bb4 $1 29. Rd1 Bc3 30. Nf2 {[%cal Rd1d8] The position is equal.} Ra8 31. Ne4 Bb4 32. Rd4 Ba3 33. f4 f5 34. Ng5 Be7 {[%cal Oe6e5]} 35. Nxe6 Rxa2 36. Rd7 Bf6 37. h4 Ra1+ 38. Kg2 Ra2+ 39. Kh3 Re2 40. Nc7 Re7 41. Rxe7 Bxe7 {KB-KN} 42. g4 fxg4+ 43. Kxg4 g6 44. h5 gxh5+ 45. Kxh5 Bd6 {[%csl LRc7,LRf4]} 46. Nd5 Bxf4 47. Nxf4 {Weighted Error Value: White=0.03 (flawless) /Black=0.03 (flawless)} 1/2-1/2

[Event "Kragero Resort International 2022"]
[Site "Kragero"]
[Date "2022.02.24"]
[Round "4.8"]
[White "Heitun, Odd Gunnar"]
[Black "Hammari, Vinjar"]
[Result "0-1"]
[WhiteElo "1616"]
[BlackElo "1775"]
[Annotator "NA RC"]
[PlyCount "120"]
[EventDate "2022.02.23"]
[EventType "swiss"]
[EventCountry "NOR"]
[SourceTitle "playchess.com"]
[Source "ChessBase"]
[SourceQuality "1"]
[TimeControl "5400+30"]

1. d4 {[%emt 0:00:03]} c5 {[%emt 0:00:08]} 2. Nf3 {[%emt 0:05:26]} Nf6 {[%emt 0:00:26]} 3. c4 {[%emt 0:01:40]} g6 {[%emt 0:00:11]} 4. Nc3 {[%emt 0:00:19]} Bg7 {[%emt 0:00:17]} 5. e3 {[%emt 0:02:37]} O-O {[%emt 0:00:44]} 6. Be2 {[%emt 0:00:26]} cxd4 {[%emt 0:00:53]} 7. exd4 {[%emt 0:00:32]} d5 {[%emt 0:00:08]} 8. O-O {[%emt 0:02:33]} Nc6 {[%emt 0:00:05]} 9. h3 {[%emt 0:04:02]} dxc4 {[%emt 0:00:29]} 10. Bxc4 {[%emt 0:00:12]} Na5 {[%emt 0:00:06]} 11. Be2 {[%emt 0:05:53]} Be6 {[%emt 0:02:28]} 12. b3 {[%emt 0:03:43]} Nc6 {[%emt 0:01:10]} 13. Bb2 {[%emt 0:01:28]} Nd5 {[%emt 0:00:10]} 14. Nxd5 {[%emt 0:10:27]} Bxd5 {[%emt 0:00:05]} 15. Rc1 {[%emt 0:00:20]} Rc8 {[%emt 0:02:24]} 16. Re1 {[%emt 0:03:30]} Qa5 {[%emt 0:02:55]} 17. a3 {[%emt 0:02:53]} Rfd8 {[%emt 0:00:47]} 18. b4 {[%emt 0:06:31]} Qb6 {[%emt 0:00:09]} 19. Rc5 {[%emt 0:03:27]} e6 {[%emt 0:02:19]} 20. Rb5 {[%emt 0:00:19]} Qc7 {[%emt 0:00:17]} 21. Rc5 {[%emt 0:00:50]} Qe7 {[%emt 0:01:13]} 22. Qc1 {[%emt 0:02:57]} a6 {[%emt 0:02:29]} 23. Ne5 {[%emt 0:02:40]} Rc7 {[%emt 0:10:50]} 24. Nxc6 {[%emt 0:01:28]} Rxc6 {[%emt 0:00:21]} 25. Rxc6 {[%emt 0:00:31]} Bxc6 {[%emt 0:00:11]} 26. Qe3 {[%emt 0:04:18]} Qh4 {[%emt 0:00:41]} 27. Rd1 {[%emt 0:02:18]} Ba4 {[%emt 0:00:34]} 28. Re1 {[%emt 0:08:10]} Bxd4 {[%emt 0:04:35]} 29. Bxd4 {[%emt 0:00:09]} Qxd4 {[%emt 0:00:13]} 30. Qg5 {[%emt 0:02:04]} Qd2 {[%emt 0:24:34]} 31. Qxd2 {[%emt 0:00:10]} Rxd2 {[%emt 0:00:04]} 32. Bf3 {[%emt 0:00:24]} Rd7 {[%emt 0:00:26]} 33. Re3 {[%emt 0:00:37]} Kf8 {[%emt 0:00:41]} 34. Rc3 {[%emt 0:00:38]} Ke7 {[%emt 0:01:11]} 35. Kh2 {[%emt 0:01:35]} Kd6 {[%emt 0:00:54]} 36. Rd3+ {[%emt 0:01:08]} Kc7 {[%emt 0:00:08]} 37. Rc3+ {[%emt 0:00:06]} Kb6 {[%emt 0:00:23]} 38. Kg3 {[%emt 0:00:08]} Rd2 {[%emt 0:04:02]} 39. h4 {[%emt 0:00:54]} e5 {[%emt 0:03:58]} 40. Re3 {[%emt 0:00:53]} f6 {[%emt 0:00:26]} 41. h5 {[%emt 0:00:37]} Bb5 {[%emt 0:00:48]} 42. h6 {[%emt 0:02:32]} Rd4 {[%emt 0:05:14]} 43. Be2 {[%emt 0:07:55]} Bxe2 {[%emt 0:00:15]} 44. Rxe2 {[%emt 0:00:04]} Rd3+ {[%emt 0:00:09]} 45. Re3 {[%emt 0:00:55]} Rxe3+ {[%emt 0:00:09]} 46. fxe3 {[%emt 0:00:02]} a5 {[%emt 0:00:20]} 47. Kf3 {[%emt 0:00:57]} axb4 {[%emt 0:00:06]} 48. axb4 {[%emt 0:00:07]} Kc6 {[%emt 0:00:54]} 49. Ke4 {[%emt 0:00:12]} Kd6 {[%emt 0:00:05]} 50. g4 {[%emt 0:00:21]} Ke6 {[%emt 0:01:21]} 51. Kf3 {[%emt 0:02:03]} f5 {[%emt 0:00:12]} 52. g5 {[%emt 0:00:10]} Kd5 {[%emt 0:00:05]} 53. e4+ {[%emt 0:01:02]} fxe4+ {[%emt 0:00:06]} 54. Ke3 {[%emt 0:00:04]} b5 {[%emt 0:00:08]} 55. Ke2 {[%emt 0:00:52]} Kd4 {[%emt 0:00:05]} 56. Kd2 {[%emt 0:00:09]} e3+ {[%emt 0:00:05]} 57. Ke2 {[%emt 0:00:10]} Ke4 {[%emt 0:00:07]} 58. Ke1 {[%emt 0:00:21]} Kf4 {[%emt 0:00:06]} 59. Ke2 {[%emt 0:00:09]} e4 {[%emt 0:00:05]} 60. Ke1 {[%emt 0:00:11]} Kxg5 {[%emt 0:00:17]} 0-1

[Event "Kragero Resort International 2022"]
[Site "Kragero"]
[Date "2022.02.24"]
[Round "4.9"]
[White "Kulaots, Kaido"]
[Black "Abdrlauf, Elham"]
[Result "1-0"]
[WhiteElo "2527"]
[BlackElo "2343"]
[Annotator "TA"]
[PlyCount "102"]
[EventDate "2022.02.23"]
[EventType "swiss"]
[EventCountry "NOR"]
[SourceTitle "playchess.com"]
[Source "ChessBase"]
[SourceQuality "1"]

{[%evp 9,102,0,1,0,0,0,31,31,29,36,90,16,30,15,30,6,19,19,34,40,39,0,9,0,29,9,0,-175,-175,-175,-164,-160,-159,-295,-291,-451,-443,-520,-525,-786,-265,-293,-284,-277,-219,-204,-62,-110,-112,-125,-119,-179,-77,-288,-190,-188,-162,-151,-75,-68,-90,-248,-218,-202,0,-250,0,0,0,0,0,0,0,0,0,0,0,0,0,0,0,-31,-33,-185,-172,-792,0,0,0,-366,29985,29986,29986,-285,0]} 1. e4 c6 2. d4 d5 3. e5 c5 4. dxc5 e6 5. a3 Bxc5 6. Qg4 {B12: Caro-Kann: Advance Variation.} Ne7 7. Nf3 Qb6 8. Bd3 $1 {White is slightly better.} (8. Qxg7 Rg8 9. Qxh7 Bxf2+ 10. Kd1 Nbc6 $11) 8... Bxf2+ 9. Ke2 $1 a5 ({Black should try} 9... Nbc6 $14) 10. Nc3 (10. Rf1 $1 $16 {[%cal Rf1f2]} h5 11. Qg5 (11. Qf4 Bc5 $14)) 10... Bd7 $11 {[#]} (10... Kf8 $2 11. Rf1 Bc5 12. Ng5 $18) 11. Rf1 $146 {Active counter play!} (11. Qxg7 Rg8 12. Qf6 Bd4 $16) ({Predecessor:} 11. Na4 Bxa4 12. Qxa4+ Nec6 13. Rf1 Bc5 14. Ng5 Nd7 15. Nxf7 Rf8 16. Bg5 Rxf7 17. Rxf7 Qxb2 {0-1 (44) Fischer,D (2276)-Palozza,C (2263) Bassano del Grappa 2021}) 11... Bc5 12. Qxg7 Rg8 13. Qf6 {next g3 is good for White.} Na6 {[%cal Bb8a6,Ba6c5,Bc5d3][%mdl 32]} 14. g3 O-O-O 15. Ng5 (15. Qxf7 Nf5 16. Nxd5 (16. Qxh7 Rh8 $17) 16... exd5 17. Bxf5 Rgf8 18. Bxd7+ Rxd7) (15. Bxh7 d4 16. Nd1 (16. Bxg8 dxc3 17. b4 Bb5+ 18. Ke1 Bf2+ 19. Rxf2 Rd1+ 20. Kxd1 Qxf2 $19) 16... Nd5 17. Qxf7 Rdf8 $1 18. Bxg8 Bb5+ 19. Kf2 d3+ 20. Kg2 Rxf7 21. Bxf7 dxc2 $19) 15... Nc6 {[%cal Be7c6,Bc6d4,Bd4b5][%mdl 32]} 16. Nxf7 Be7 17. Qh6 Nc5 $1 $36 {[%mdl 2048] White is under pressure.} 18. Rf4 $2 (18. Bxh7 d4 19. b4 (19. Nxd8 Rxd8 20. b4 dxc3 $11) 19... dxc3 20. Nxd8 Rxd8 21. bxc5 Nd4+ 22. Ke1 Qxc5) (18. Nxd8 $11 {and White has nothing to worry.} Nd4+ 19. Kd1 Nxd3 20. cxd3) 18... Nxd3 $19 19. cxd3 Rdf8 20. Bd2 Nd4+ (20... Qxb2 21. Rb1 (21. Ra2 $2 Qb6 $17) 21... Qc2 22. Rc1 $11) 21. Kf1 (21. Rxd4 $17 {was called for.} Qxd4 22. Rf1) 21... Qxb2 22. Ra2 (22. Rd1 {was the only defense.}) 22... Qb3 $1 23. Qxh7 Nb5 24. d4 {[%cal Of1g2]} Kb8 $2 (24... Nxc3 25. Rc2 Kb8 $1 26. Bxc3 Qb1+ 27. Kg2 Ba4) 25. Qb1 Qc4+ 26. Ne2 Be8 (26... Bxa3 27. Rc2 Qa4 28. Ra2 $11) 27. Rb2 {[%cal Oa3a4]} Bc6 (27... Rxf7 28. Rxf7 Bxa3 29. Rc2 $1 $11) (27... Bxf7 28. Rxb5 Qc6 29. Rb6 $16 (29. Bxa5 Bh5 $11) (29. Rxa5 Bh5 $14)) ({Black should play} 27... a4 $1 $19 28. Bb4 Bxb4 29. Rxb4 Qxe2+ $1 30. Kxe2 Nc3+ 31. Kf2 Nxb1) 28. a4 (28. Bxa5 $2 Rg7 29. Nd6 (29. Rc2 $2 Qd3 $19) 29... Rxf4+ 30. gxf4 Bxd6 31. exd6 Nxd4 $19) (28. Ke1 $15) 28... Qxa4 $17 {...Na3 is the strong threat.} (28... Nxd4 $2 29. Rxd4 Rxf7+ 30. Ke1 $18) 29. Ra2 Na3 $1 30. Qa1 (30. Qc1 $17 {is a better defense.} Qb3 31. Rb2) 30... Bb5 (30... Qb3 $1 $19 {is more deadly. Threatens to win with ...Bb5.} 31. Kf2 Qd3) 31. Kf2 $2 (31. Nd6 $17 Bxe2+ 32. Kg2) 31... Bxe2 32. Kxe2 Qc4+ 33. Kf2 Bb4 ({And not} 33... Nc2 34. Qb2 Nxd4 35. Be3 $17) (33... Qd3 $142 {Strongly threatening ...Nc4.} 34. Qf1 Qh7) 34. Bxb4 axb4 35. Rxa3 $2 (35. Kg1 $17 {was worth a try.}) 35... bxa3 $19 36. Qxa3 Qc2+ $2 (36... Rc8 $1 $19 {aiming for ...Qc2+.} 37. Qd6+ Ka7 38. Qa3+ Qa6) 37. Kf3 $2 (37. Kg1 $1 $11) 37... Rxf7 $2 38. Rxf7 {[%mdl 4096] Endgame KQR-KQR. The board is on fire.} Qe4+ 39. Kf2 {Black must now prevent Qb2.} Qxd4+ 40. Qe3 Qb2+ 41. Qe2 Qb6+ 42. Kg2 d4 43. h4 Rd8 44. Qd3 Qc6+ 45. Kf2 Qd5 46. h5 $2 (46. Rf3 $15) 46... Rc8 $1 {Hoping for ...Qh1.} ({Worse is} 46... Rh8 47. Qf3 Qxf3+ 48. Kxf3 Rxh5 49. Ke4 $11) 47. h6 $2 {[#]} (47. Rf3) 47... Rc3 $2 (47... Qh1 $1 $19 {[%cal Rh1h2] And now ...Qh2+ would win.} 48. Qd2 {[#]} Rc2 $3 {[%mdl 512]} 49. Qxc2 Qh2+ 50. Ke1 Qxc2) 48. Qb1 $11 d3 49. h7 $2 {[%mdl 8192]} (49. Rf8+ $11 {and White stays safe.} Kc7 50. Rf7+ Kb8 51. Rf8+ Kc7 52. Rf7+ Kb8) 49... Qd4+ $4 {[%mdl 8192]} (49... Rc8 $19 50. Qd1 d2) 50. Kf1 {[%csl Gf7][%cal Rb1b7]} Qd5 51. Kf2 $4 {[%mdl 8192]} (51. h8=Q+ {mates} Rc8 52. Qh7 Rc7 53. Rf8+ Rc8 54. Rxc8+ Kxc8 55. Qbxd3 Qxd3+ 56. Qxd3) 51... Rc2+ $2 {[%mdl 32768] Weighted Error Value: White=0.94/Black=0.50. Loss on time!?} ({Better is} 51... Rc8 $19 52. Qd1 d2) 1-0

[Event "Kragero Resort International 2022"]
[Site "Kragero"]
[Date "2022.02.24"]
[Round "4.10"]
[White "Osmak, Yuliia"]
[Black "Lie, Kjetil A."]
[Result "0-1"]
[WhiteElo "2432"]
[BlackElo "2520"]
[Annotator "RC"]
[PlyCount "106"]
[EventDate "2022.02.23"]
[EventType "swiss"]
[EventCountry "NOR"]
[SourceTitle "playchess.com"]
[Source "ChessBase"]
[SourceQuality "1"]
[TimeControl "5400+30"]

1. d4 {[%emt 0:00:09]} Nf6 {[%emt 0:00:48]} 2. c4 {[%emt 0:00:10]} e6 {[%emt 0:01:01]} 3. Nf3 {[%emt 0:00:25]} c5 {[%emt 0:02:50]} 4. d5 {[%emt 0:02:08]} d6 {[%emt 0:00:30]} 5. Nc3 {[%emt 0:00:38]} exd5 {[%emt 0:00:49]} 6. cxd5 {[%emt 0:00:21]} g6 {[%emt 0:00:10]} 7. e4 {[%emt 0:00:32]} a6 {[%emt 0:05:02]} 8. a4 {[%emt 0:01:18]} Bg4 {[%emt 0:00:19]} 9. h3 {[%emt 0:08:27]} Bxf3 {[%emt 0:00:58]} 10. Qxf3 {[%emt 0:00:04]} Bg7 {[%emt 0:01:06]} 11. Be2 {[%emt 0:01:23]} O-O {[%emt 0:01:50]} 12. O-O {[%emt 0:02:04]} Nbd7 {[%emt 0:04:33]} 13. Qg3 {[%emt 0:18:57]} Qe7 {[%emt 0:04:29]} 14. Bf3 {[%emt 0:04:36]} Rab8 {[%emt 0:03:25]} 15. Bf4 {[%emt 0:01:20]} Ne8 {[%emt 0:00:19]} 16. a5 {[%emt 0:10:02]} b5 {[%emt 0:06:14]} 17. axb6 {[%emt 0:00:19]} Rxb6 {[%emt 0:00:08]} 18. Ra2 {[%emt 0:01:58]} Ne5 {[%emt 0:19:55]} 19. Be2 {[%emt 0:02:33]} Qb7 {[%emt 0:06:37]} 20. Bc1 {[%emt 0:02:39]} Nc7 {[%emt 0:04:03]} 21. f4 {[%emt 0:01:41]} Nd7 {[%emt 0:00:06]} 22. Bg4 {[%emt 0:04:49]} f5 {[%emt 0:12:13]} 23. exf5 {[%emt 0:02:07]} gxf5 {[%emt 0:00:05]} 24. Bf3 {[%emt 0:01:03]} Qc8 {[%emt 0:04:36]} 25. Re1 {[%emt 0:05:17]} Re8 {[%emt 0:06:47]} 26. Kh2 {[%emt 0:03:36]} Nf6 {[%emt 0:03:46]} 27. Bd2 {[%emt 0:03:09]} Qd7 {[%emt 0:03:06]} 28. Qf2 {[%emt 0:09:51]} Rxe1 {[%emt 0:00:43]} 29. Qxe1 {[%emt 0:00:51]} Qf7 {[%emt 0:00:21]} 30. Qe2 {[%emt 0:01:41]} Rb4 {[%emt 0:03:13]} 31. Nd1 {[%emt 0:03:04]} Rb8 {[%emt 0:01:41]} 32. Ne3 {[%emt 0:01:45]} Re8 {[%emt 0:00:59]} 33. Qd1 {[%emt 0:02:07]} Qg6 {[%emt 0:00:46]} 34. Ra4 {[%emt 0:01:38]} Ne4 {[%emt 0:02:41]} 35. Bxe4 {[%emt 0:00:26]} fxe4 {[%emt 0:00:24]} 36. Bc3 {[%emt 0:00:35]} Bxc3 {[%emt 0:00:29]} 37. bxc3 {[%emt 0:00:04]} Qf6 {[%emt 0:00:19]} 38. Qg4+ {[%emt 0:00:58]} Kh8 {[%emt 0:00:08]} 39. Qf5 {[%emt 0:02:47]} Qxf5 {[%emt 0:00:58]} 40. Nxf5 {[%emt 0:00:04]} e3 {[%emt 0:00:07]} 41. Ra1 {[%emt 0:00:35]} e2 {[%emt 0:00:56]} 42. Re1 {[%emt 0:00:09]} Nxd5 {[%emt 0:00:13]} 43. Nxd6 {[%emt 0:00:59]} Re6 {[%emt 0:01:15]} 44. Nf7+ {[%emt 0:00:52]} Kg7 {[%emt 0:00:47]} 45. Ng5 {[%emt 0:01:15]} Re3 {[%emt 0:00:18]} 46. f5 {[%emt 0:01:05]} Nf4 {[%emt 0:00:41]} 47. Ne6+ {[%emt 0:00:57]} Nxe6 {[%emt 0:00:04]} 48. fxe6 {[%emt 0:00:02]} a5 {[%emt 0:00:40]} 49. Kg1 {[%emt 0:00:11]} a4 {[%emt 0:00:13]} 50. Kf2 {[%emt 0:00:04]} Rxe6 {[%emt 0:00:06]} 51. Ra1 {[%emt 0:01:36]} e1=Q+ {[%emt 0:00:18]} 52. Rxe1 {[%emt 0:00:04]} Rxe1 {[%emt 0:00:04]} 53. Kxe1 {[%emt 0:00:02]} a3 {[%emt 0:00:07]} 0-1

[Event "Kragero Resort International 2022"]
[Site "Kragero"]
[Date "2022.02.24"]
[Round "4.11"]
[White "Van Dael, Siem"]
[Black "Fridman, Daniel"]
[Result "0-1"]
[WhiteElo "2303"]
[BlackElo "2626"]
[Annotator "TA"]
[PlyCount "60"]
[EventDate "2022.02.23"]
[EventType "swiss"]
[EventCountry "NOR"]
[SourceTitle "playchess.com"]
[Source "ChessBase"]
[SourceQuality "1"]

{[%evp 15,60,8,33,-2,0,0,9,0,20,-19,-25,-30,-32,-30,-30,-43,-31,-34,-46,-53,-49,-53,-33,-75,-76,-90,-29,-83,-36,-70,-74,-75,-80,-100,-78,-156,-132,-257,-249,-1636,-464,-554,-565,-534,-532,-553,-296]} 1. e4 {[%cal Be2e4,Be4e5][%mdl 32]} Nf6 2. e5 Nd5 3. c4 Nb6 4. d4 d6 5. exd6 exd6 6. Nc3 Be7 7. Be3 O-O 8. Bd3 Nc6 9. Rc1 {B03: Alekhine's Defence: Four Pawns Attack.} ({Of course not} 9. Qh5 g6 10. Qd1 Nb4 $15) 9... Re8 10. Nge2 ({But not} 10. Qh5 g6 11. Qf3 h5 $17) 10... Nb4 11. O-O {[#] The position is equal.} Bg4 $146 ({Predecessor:} 11... Nxd3 12. Qxd3 g6 13. b3 c6 14. f3 Bg5 15. f4 Bf6 16. Ng3 Bh4 17. f5 Bxg3 18. fxg6 Bxh2+ 19. Kxh2 hxg6 {½-½ (26) Tonel,G (1983)-Vitri,S (2132) Trieste 2008}) 12. Bb1 Nxc4 13. a3 Nxe3 14. fxe3 {[#]} Bg5 $1 15. axb4 Bxe3+ 16. Kh1 {Black must now prevent Qd3.} Bxc1 {[%mdl 64] Pin. This bishop pair is nice.} 17. Qd3 {[#]} Qh4 18. Rxc1 c6 19. d5 (19. Rf1 $15) 19... Bxe2 $17 20. Nxe2 {[#]} cxd5 ({Black should try} 20... g6 $1 $17 21. Rf1 Qxb4) 21. Ng1 (21. Kg1 $11 {remains equal.}) 21... g6 (21... Rac8 $17 22. Rf1 g6 23. Qxd5 Qc4 24. Qxc4 Rxc4) 22. Qxd5 Qf4 23. Rc3 {Rf3 is the strong threat.} Re7 24. Ba2 Qxb4 25. Qg5 (25. Rc2 $142) 25... Rae8 26. Bb3 (26. Qd2 $17) 26... Qd4 $19 {( -> ...Re1)} 27. Rh3 $2 (27. Qd5 Qxd5 28. Bxd5) 27... Rc7 (27... Re1 $142 {[%csl Gd4][%cal Re1g1]} 28. Bxf7+ Kf8 29. Qh6+ Kxf7 30. Qxh7+ Ke6 31. Qxg6+ Kd7 32. Qh7+ R8e7 33. Qf5+ Kd8 34. Rh8+ Qxh8 35. Qa5+ b6) 28. Qh6 Re1 {[%csl Gd4][%cal Re1g1]} 29. Qxh7+ Kf8 {[%csl Gd4][%cal Re1g1]} 30. Qh6+ Ke8 {Weighted Error Value: White=0.64/Black=0.36} 0-1

[Event "Kragero Resort International 2022"]
[Site "Kragero"]
[Date "2022.02.24"]
[Round "4.12"]
[White "Zadruzny, Nicolaj"]
[Black "Ochsner, Bjorn Moller"]
[Result "0-1"]
[WhiteElo "2280"]
[BlackElo "2496"]
[Annotator "TA"]
[PlyCount "54"]
[EventDate "2022.02.23"]
[EventType "swiss"]
[EventCountry "NOR"]
[SourceTitle "playchess.com"]
[Source "ChessBase"]
[SourceQuality "1"]

{[%evp 9,54,20,44,40,45,39,58,38,37,36,47,40,54,33,39,27,28,33,33,8,10,-59,-64,-68,-68,-73,-66,-56,-68,-223,-228,-218,-203,-190,-201,-315,-235,-231,-187,-359,-359,-348,-356,-402,-398,-387,-392]} 1. d4 Nf6 2. c4 e6 3. Nf3 d5 4. Nc3 dxc4 5. e4 {[%cal Be2e4,Be4e5][%mdl 32]} b5 6. e5 {D24: Queen's Gambit Accepted: 3 Nf3 Nf6 4 Nc3.} Nd5 7. Nxb5 Nb6 8. Be2 {White is slightly better.} Be7 9. O-O Nc6 10. Be3 {10.Qd2 might become the main line.} O-O 11. Qc1 Nb4 12. Rd1 ({Don't play} 12. Bxc4 Nxc4 13. Qxc4 Ba6 $17) 12... Bb7 13. Nc3 Rb8 {[#]} 14. a3 $146 ({Predecessor:} 14. Nd2 Nd3 15. Qc2 Ba6 16. Rab1 Nb4 17. Qe4 Kh8 18. Qg4 Qd7 19. Nde4 N6d5 20. Qh3 {0-1 (43) Fedoseev,V (2690)-Pichot,A (2629) Dubai 2021}) 14... N4d5 15. Nd2 ({White should play} 15. Nxd5 $11 Qxd5 16. Qc2) 15... Nxe3 $15 16. fxe3 c5 $1 17. Nxc4 Nxc4 18. Bxc4 cxd4 19. exd4 $2 {Loses the game.} ({Of course not} 19. Rxd4 Qc7 20. Qd2 Qxe5 $17) (19. Nb5 $15) 19... Bg5 $19 20. Qc2 Be3+ {[%mdl 1024] Black has strong compensation.} 21. Kh1 Qh4 {[#] ( -> ...Bf4)} (21... Bxd4 $2 22. Nb5 $18) 22. Ne2 (22. Rd3 {is a better defense.} Bxd4 23. Qe2) 22... Rfc8 {[%cal Oc8c4] And now ...Rxc4! would win.} 23. b3 Qg4 $40 {[%csl Gb7][%cal Rg4g2][%mdl 128] Black wants a kill.} 24. Rg1 (24. Ng3 {might work better.}) 24... Be4 {A strong pair of Bishops.} 25. Qa2 Rd8 26. Rad1 Bxg1 27. Rxg1 h5 {Weighted Error Value: White=0.35/Black=0.08 (flawless)} 0-1

[Event "Kragero Resort International 2022"]
[Site "Kragero"]
[Date "2022.02.24"]
[Round "4.13"]
[White "Kvaloy, Aksel Bu"]
[Black "Gharibyan, Mamikon"]
[Result "0-1"]
[WhiteElo "2280"]
[BlackElo "2479"]
[Annotator "RC"]
[PlyCount "76"]
[EventDate "2022.02.23"]
[EventType "swiss"]
[EventCountry "NOR"]
[SourceTitle "playchess.com"]
[Source "ChessBase"]
[SourceQuality "1"]
[TimeControl "5400+30"]

1. e4 {[%emt 0:00:04]} c5 {[%emt 0:00:07]} 2. Nf3 {[%emt 0:00:16]} Nc6 {[%emt 0:00:08]} 3. Bb5 {[%emt 0:00:49]} g6 {[%emt 0:00:06]} 4. O-O {[%emt 0:02:30]} Bg7 {[%emt 0:00:06]} 5. c3 {[%emt 0:00:23]} Nf6 {[%emt 0:00:12]} 6. Re1 {[%emt 0:00:26]} Qb6 {[%emt 0:00:56]} 7. Bxc6 {[%emt 0:05:26]} bxc6 {[%emt 0:09:11]} 8. d4 {[%emt 0:02:14]} d5 {[%emt 0:06:00]} 9. e5 {[%emt 0:07:06]} Ne4 {[%emt 0:00:33]} 10. b3 {[%emt 0:18:07]} O-O {[%emt 0:09:54]} 11. Ba3 {[%emt 0:02:41]} Bg4 {[%emt 0:06:34]} 12. h3 {[%emt 0:32:50]} Bxf3 {[%emt 0:00:30]} 13. gxf3 {[%emt 0:00:21]} Ng5 {[%emt 0:00:01]} 14. Bxc5 {[%emt 0:00:53]} Qc7 {[%emt 0:01:19]} 15. h4 {[%emt 0:07:09]} Nh3+ {[%emt 0:03:53]} 16. Kh2 {[%emt 0:01:13]} Nf4 {[%emt 0:00:07]} 17. Qd2 {[%emt 0:01:26]} Bh6 {[%emt 0:01:09]} 18. Rg1 {[%emt 0:00:39]} f6 {[%emt 0:01:10]} 19. Qe3 {[%emt 0:00:59]} fxe5 {[%emt 0:03:06]} 20. Qxe5 {[%emt 0:01:44]} Qd7 {[%emt 0:00:58]} 21. Rg4 {[%emt 0:00:49]} Nd3 {[%emt 0:16:43]} 22. Qe2 {[%emt 0:02:54]} Qf5 {[%emt 0:00:47]} 23. Nd2 {[%emt 0:01:41]} Nxf2 {[%emt 0:00:48]} 24. Rg2 {[%emt 0:01:09]} Nd3 {[%emt 0:01:20]} 25. Rg4 {[%emt 0:01:09]} Rf6 {[%emt 0:01:44]} 26. Nf1 {[%emt 0:04:01]} Re6 {[%emt 0:01:32]} 27. Qg2 {[%emt 0:00:22]} Ne1 {[%emt 0:02:45]} 28. Ng3 {[%emt 0:01:47]} Qxg4 {[%emt 0:04:17]} 29. fxg4 {[%emt 0:00:14]} Nxg2 {[%emt 0:00:03]} 30. Kxg2 {[%emt 0:00:06]} Bd2 {[%emt 0:01:42]} 31. c4 {[%emt 0:01:24]} a5 {[%emt 0:00:30]} 32. cxd5 {[%emt 0:00:36]} cxd5 {[%emt 0:00:01]} 33. a3 {[%emt 0:00:27]} Be1 {[%emt 0:03:47]} 34. Rb1 {[%emt 0:01:15]} Re3 {[%emt 0:01:31]} 35. Nf1 {[%emt 0:00:47]} Re2+ {[%emt 0:00:05]} 36. Kf3 {[%emt 0:00:34]} Rf2+ {[%emt 0:00:23]} 37. Ke3 {[%emt 0:00:14]} Raf8 {[%emt 0:00:45]} 38. Rxe1 {[%emt 0:01:46]} R8f3# {[%emt 0:00:06]} 0-1